000 00789cam a2200241 a 4500
020 _a0521305527
020 _a0521315646 (pbk.)
040 _cDLC
082 0 0 _a338 CAM 1987 A073 Or.
100 1 _aGreenhut, Melvin L.
245 1 4 _aThe economics of imperfect competition :
_ba spatial approach /
260 _aCambridge [Cambridgeshire] ;
_aNew York :
_bCambridge University Press,
_c1987.
300 _axix, 408 p. :
_bill. ;
_c24 cm.
500 _aIncludes indexes.
650 0 _aCompetition, Imperfect.
650 0 _aSpace in economics.
650 0 _aPricing.
700 1 _aNorman, George,
700 1 _aHung, Chao-shun,
856 4 2 _uhttp://www.loc.gov/catdir/description/cam023/86011707.html
856 4 1 _uhttp://www.loc.gov/catdir/toc/cam025/86011707.html
942 _cEK
999 _c15147
_d15147